Application par image / logo ●2 - Statistiques

Statistiques générales
  • Ce quiz a été pris 768 fois
  • Le résultat moyen est 10 sur 16
Statistiques - réponses
Par images Réponse % Correct
Pinterest
98%
PayPal
97%
Facebook
96%
X
96%
Uber eats
84%
Aliexpress
82%
Deezer
82%
Discord
76%
Linkedin
75%
Leboncoin
65%
YouTube music
65%
Lens
35%
Onedrive
30%
Ps app
12%
Mangacollec
5%
Falou
2%
Aucun quiz correspondant
Distribution des résultats
% des personnes avec chaque résultat
Percentile par nombre de réponses
Votre historique - résultats
Vous n’avez pas pris ce quiz